đź“– 150 premiers mots "Gatsby le Magnifique" F. Scott Fitzgerald - Statistiques

Statistiques générales
  • Ce quiz a Ă©tĂ© pris 32 fois
  • Le rĂ©sultat moyen est 67 sur 150
Statistiques - réponses
Mots % Correct
Ă 
96%
a
96%
a-
96%
m'
96%
d'
92%
j'
88%
je
85%
le
85%
de
81%
il
81%
Il
81%
il ...
81%
n'
81%
t-
81%
dit,
77%
dit
77%
et
77%
et,
77%
qu'
73%
ai
69%
pas
69%
que
69%
en
65%
mon
65%
un
65%
un,
65%
Un
65%
Dès
62%
mais
62%
su
62%
te
62%
père
58%
ce
54%
une
54%
jamais
50%
plus
50%
qui
50%
se
50%
mes
46%
si
46%
tu
46%
rien
42%
sur
42%
âge
38%
lui-
38%
nous
38%
tout
38%
autre,
35%
mĂŞme,
35%
monde
35%
oublié.
35%
tendre
35%
aux
31%
donné
31%
toi
31%
toi.
31%
conseil
27%
eu
27%
moi
27%
mot,
23%
quelqu'
23%
tous
23%
mĂŞmes
19%
fois
15%
très
15%
beaucoup
12%
droit
12%
entendait
12%
quelques
12%
sous-
12%
souviens-
12%
vers
12%
certain
8%
-Chaque
8%
demi-
8%
entre
8%
lorsqu'
8%
terre
8%
avantages
4%
caractère
4%
complicité
4%
comprenions
4%
conduit
4%
Depuis,
4%
existait
4%
-- habitude
4%
prépares
4%
trait
4%
vite
4%
aguerris.
0%
chez
0%
critiquer
0%
décèle
0%
efforce
0%
esprit
0%
exprimait.
0%
facile
0%
fragile
0%
individu
0%
influencer,
0%
jugements
0%
manifeste
0%
natures
0%
nombreuses
0%
normal
0%
rare
0%
raseurs
0%
rendu
0%
réserver
0%
singulières
0%
venant
0%
victime
0%
Aucun quiz correspondant
Distribution des résultats
% des personnes avec chaque résultat
Percentile par nombre de réponses
Votre historique - résultats
Vous n’avez pas pris ce quiz